| 000 | 01610nam0a2200337 4500 | ||
|---|---|---|---|
| 001 | RU\NLR\bibl\48584 | ||
| 005 | 20260406082801.0 | ||
| 010 |
_a5-260-00819-7 _92000 |
||
| 021 |
_aRU _b99-22884 _91111 |
||
| 035 | _a(NLR Aleph) 000047396 | ||
| 090 |
_a251966 _c251966 |
||
| 100 | _a19990921d1999 |||y0rusy50 ca | ||
| 101 | 0 | _arus | |
| 102 | _aRU | ||
| 105 | _ay ||||||||| | ||
| 200 | 1 |
_aАрхив Учеников и Учителей, записанный за историю Посвящений, представляемый к прочтению с целью восстановления и утверждения вибраций прогрессии светового состояния и излучения Сущности _fАлександр Тарасов, Ольга Тарасова |
|
| 210 |
_aМ. _cНива России _d1999 |
||
| 215 |
_a95 с. _d14 |
||
| 320 | _aБиблиогр.: с. 95 и в подстроч. примеч. | ||
| 606 | 0 |
_aТеософия _91157305 _3RU\NLR\auth\66144541 |
|
| 686 | _aЭ391.6 | ||
| 700 | 1 |
_4070 _7ca _8rus _aТарасов _bА. В. _cэзотерик _gАлександр Владимирович _3RU\NLR\AUTH\770277508 _92649475 |
|
| 701 | 1 |
_4070 _aТарасова _bО. И. _cд-р филос. наук, канд. искусствоведения _gОльга Игоревна _3RU\NLR\AUTH\770149603 _9149567 |
|
| 801 | 0 |
_aRU _bNLR _c19990921 _gPSBO |
|
| 801 | 1 |
_aRU _bNLR _c19990921 |
|
| 852 |
_aNLR _j99-1/471 |
||
| 942 | _cBOOK | ||
| 980 | _aNB | ||